<The> Journal of industrial relations

Saved in:
Bibliographic Details
Format: Serial
Language:English
Published: London SAGE Publ. 2013
Subjects:
Tags: Add Tag
No Tags, Be the first to tag this record!

MARC

LEADER 00000nas2a2200000 4500
001 0239453
005 20220308124116.3
022 |a 0022-1856 
041 0 |a eng 
044 |a AU 
245 1 0 |a <The> Journal of industrial relations 
264 1 |a London  |b SAGE Publ.  |c 2013 
773 0 |w eu_un_cat*0178354 
610 2 0 |a vzťahy pracovné 
610 2 0 |a sily pracovné 
610 2 0 |a trh práce